00670nab a2200181uuc4500001000800000005001700008008004100025035001200066035002100078040001300099041000800112100008300120245004100203650001200244650002400256700008300280773012500363115739020240809073809.0090728e20081201 spa  a1157390 a(OCoLC)820489351 ccomduadb aspa10aWerner, Jaegerd1888-19614aut0(isni)0000 0001 0895 50020(viaf)46762703eaut13aLa educación del estado en Esparta aPaideia aEducacion - Esparta10aXirau, Joaquín,d1895-19464trl0(isni)00000000663600500(viaf)12421514etrl0 tLa Gaceta del Fondo de Cultura Económica (México)gNúmero 456, Diciembre 2008, p. 23-24w713461x0185-37160224837